Комбинированное исследование особенностей деформации плоских образцов и образцов с надрезом на микро- и мезоуровнях методами акустической эмиссии и построения карт деформации поверхности; Физическая мезомеханика; Т. 7, № Спец2
| Parent link: | Физическая мезомеханика/ Институт физики прочности и материаловедения ; Российская академия наук (РАН), Сибирское отделение (СО), Институт физики прочности и материаловедения (ИФПМ).— , 1998-.— 1683-805X Т. 7, № Спец2.— 2004.— С. 303-306 |
|---|---|
| Altres autors: | , , , , |
| Sumari: | В работе представлены результаты совместных исследований особенностей развития деформации конструкционных материалов, проведенных с использованием оптико-телевизионного комплекса TOMSC и программно-аппаратного комплекса для регистрации акустической эмиссии. Показано, что комбинированное использование методов исследования структурных изменений, происходящих на поверхности и в объеме материала позволяет на основе выявляемой стадийности изменения информативных сигналов устанавливать соответствие между процессами деформации на микро- и мезомасштабном уровнях В фонде НТБ ТПУ отсутствует |
| Idioma: | rus |
| Publicat: |
2004
|
| Matèries: | |
| Format: | MixedMaterials Capítol de llibre |
| KOHA link: | https://koha.lib.tpu.ru/cgi-bin/koha/opac-detail.pl?biblionumber=597186 |
MARC
| LEADER | 00000naa2a2200000 4500 | ||
|---|---|---|---|
| 001 | 597186 | ||
| 005 | 20250619115833.0 | ||
| 035 | |a (RuTPU)RU\TPU\tpu\20346 | ||
| 035 | |a RU\TPU\prd\111890 | ||
| 090 | |a 597186 | ||
| 100 | |a 20111124d2004 k||y0rusy50 ca | ||
| 101 | 0 | |a rus | |
| 102 | |a RU | ||
| 200 | 1 | |a Комбинированное исследование особенностей деформации плоских образцов и образцов с надрезом на микро- и мезоуровнях методами акустической эмиссии и построения карт деформации поверхности |f С. В. Панин [и др.] | |
| 330 | |a В работе представлены результаты совместных исследований особенностей развития деформации конструкционных материалов, проведенных с использованием оптико-телевизионного комплекса TOMSC и программно-аппаратного комплекса для регистрации акустической эмиссии. Показано, что комбинированное использование методов исследования структурных изменений, происходящих на поверхности и в объеме материала позволяет на основе выявляемой стадийности изменения информативных сигналов устанавливать соответствие между процессами деформации на микро- и мезомасштабном уровнях | ||
| 333 | |a В фонде НТБ ТПУ отсутствует | ||
| 461 | 0 | |0 (RuTPU)RU\TPU\prd\353 |x 1683-805X |t Физическая мезомеханика |f Институт физики прочности и материаловедения ; Российская академия наук (РАН), Сибирское отделение (СО), Институт физики прочности и материаловедения (ИФПМ) |d 1998- | |
| 463 | |t Т. 7, № Спец2 |v С. 303-306 |d 2004 | ||
| 610 | 1 | |a труды учёных ТПУ | |
| 701 | 1 | |a Панин |b С. В. |c специалист в области материаловедения |c профессор Томского политехнического университета, доктор технических наук |f 1971- |g Сергей Викторович |3 (RuTPU)RU\TPU\pers\26548 |9 12237 | |
| 701 | 1 | |a Башков |b О. В. | |
| 701 | 1 | |a Семашко |b Н. А. | |
| 701 | 1 | |a Панин |b В. Е. |c специалист в области физики и механики деформируемого твердого тела, физического материаловедения |c профессор Томского политехнического университета, доктор физико-математических наук |c заведующий кафедрой материаловедения в машиностроении |c директор Российского материаловедческого центра |c научный руководитель Института физики прочности и материаловедения СО РАН |f 1930-2020 |g Виктор Евгеньевич |3 (RuTPU)RU\TPU\pers\12102 |9 3172 | |
| 701 | 1 | |a Золотарева |b С. В. | |
| 801 | 1 | |a RU |b 63413507 |c 20101212 | |
| 801 | 2 | |a RU |b 63413507 |c 20111124 |g RCR | |
| 850 | |a 63413507 | ||
| 942 | |c BK | ||